Statistiken für Alle Minderheiten Kroatiens

Klicken Sie hier um das Quiz zu spielen!

Allgemein

  • Dieses Quiz wurde 85 mal gespielt
  • Das Durchschnittsergebnis liegt bei 11 aus 15

Antwortstatistiken

BevölkerungLand% Korrekt
409,357Bosnien und Herzegowina
99%
52,763Serbien
99%
34,148Deutschland
89%
19,803Slowenien
89%
3,175Italien
88%
6,249Montenegro
81%
5,204Österreich
80%
1,055Ungarn
78%
3,042Schweiz
64%
10,167Nordmazedonien
61%
1,780Frankreich
58%
1,634USA
55%
1,326Russland
51%
1,015Kanada
36%
1,613Australien
22%

Verteilung der Resultate

Perzentil nach korrekt beantworteten Fragen

Anzahl Personen mit jedem Resultat

Ihre Resultats-Entwicklung

Sie haben dieses Quiz noch nicht gespielt